000 00508nam a2200169Ia 4500
005 20250508151108.0
008 008 250505s9999 xx 000 0 eng d
037 _aTextual
040 _aFEDL
_beng
_cFEDL
041 _aeng
_2eng
084 _a726.1, MON
_qFEDL
100 _aMonod-Bruhl Odette
_9598961
245 0 _aIndian temples : 135 photographs chosen and annotated
260 _aLondon, UK
_bOxford University Press
_c1937
942 _cTEXL
_h726.1, MON
999 _c1327557
_d1327557